ਨਿਮੋ : (Record no. 109975)

MARC details
000 -LEADER
fixed length control field 00943nam a22002537a 4500
005 - DATE AND TIME OF LATEST TRANSACTION
control field 20170123164146.0
010 ## - LIBRARY OF CONGRESS CONTROL NUMBER
LC control number B-124913
020 ## - INTERNATIONAL STANDARD BOOK NUMBER
Terms of availability 140.00
International Standard Book Number 8181380193
035 ## - SYSTEM CONTROL NUMBER
System control number B-124913
037 ## - SOURCE OF ACQUISITION
Source of stock number/acquisition Cen Lib / Ret
Stock number
040 ## - CATALOGING SOURCE
Original cataloging agency DPL
Language of cataloging PN
082 ## - DEWEY DECIMAL CLASSIFICATION NUMBER
Classification number
Item number ਗਿੱਲਮ
100 ## - MAIN ENTRY--PERSONAL NAME
Personal name ਗਿੱਲ, ਮਨਜੀਤ ਕੌਰ
9 (RLIN) 42591
245 ## - TITLE STATEMENT
Title ਨਿਮੋ :
Statement of responsibility, etc ਮਨਜੀਤ ਕੌਰ ਗਿੱਲ
Remainder of title ਨਾਵਲ /
246 ## - VARYING FORM OF TITLE
Title proper/short title Nimo : novel /
Remainder of title Manjit Kaur Gill /.
260 ## - PUBLICATION, DISTRIBUTION, ETC. (IMPRINT)
Place of publication, distribution, etc ਦਿੱਲੀ
Name of publisher, distributor, etc ਐਮ. ਪੀ. ਪ੍ਰਕਾਸ਼ਨ
Date of publication, distribution, etc 2005
270 ## - ADDRESS
City ਦਿੱਲੀ
Address ਸ਼ੋਪ ਨ. 7, 12/190, ਗੀਤਾ ਕਾਲੋਨੀ
Postal code 110031
300 ## - PHYSICAL DESCRIPTION
Extent 103p.
Dimensions 22cm(Hb)
650 ## - SUBJECT ADDED ENTRY--TOPICAL TERM
Topical term or geographic name as entry element ਸਾਹਿਤ -- ਪੰਜਾਬੀ
9 (RLIN) 121704
650 ## - SUBJECT ADDED ENTRY--TOPICAL TERM
Topical term or geographic name as entry element ਪੰਜਾਬੀ ਨਾਵਲ
9 (RLIN) 121705
650 ## - SUBJECT ADDED ENTRY--TOPICAL TERM
Topical term or geographic name as entry element Literature -- Punjabi
9 (RLIN) 114104
650 ## - SUBJECT ADDED ENTRY--TOPICAL TERM
Topical term or geographic name as entry element Punjabi Novel
9 (RLIN) 6285
942 ## - ADDED ENTRY ELEMENTS (KOHA)
Source of classification or shelving scheme Dewey Decimal Classification
Koha item type Punjabi Bks
Classification part
Call number suffix ਗਿੱਲਮ
Holdings
Withdrawn status Lost status Damaged status Not for loan Home library Current library Date acquired Source of acquisition Cost, normal purchase price Total Checkouts Full call number Barcode Date last seen Date checked out Copy number Cost, replacement price Price effective from Koha item type
        Central Library Central Library 11/01/2016 Cen Lib/Ret 140.00 1 ੳ ਗਿੱਲਮ B-124913 06/04/2018 23/03/2018 1 140.00 11/01/2016 Punjabi Bks

© Delhi Public Library
Hit Counter
free hit counter